Popular photography: Upgrade your lenses (Record no. 16527)

000 -LEADER
fixed length control field 00290nam a22001097a 4500
003 - CONTROL NUMBER IDENTIFIER
control field OSt
005 - DATE AND TIME OF LATEST TRANSACTION
control field 20200124091854.0
008 - FIXED-LENGTH DATA ELEMENTS--GENERAL INFORMATION
fixed length control field 200124b xxu||||| |||| 00| 0 eng d
040 ## - CATALOGING SOURCE
Transcribing agency Cagayan Styate University-Carig Campus
245 ## - TITLE STATEMENT
Title Popular photography: Upgrade your lenses
942 ## - ADDED ENTRY ELEMENTS (KOHA)
Source of classification or shelving scheme
Koha item type Serials
Holdings
Price effective from Permanent Location Date last seen Not for loan Date acquired Source of classification or shelving scheme Koha item type Lost status Withdrawn status Copy number Source of acquisition Collection code Damaged status Barcode Shelving location Current Location Public note Full call number
2020-01-24Cagayan State University - Carig Library2020-01-24 2020-01-24 Serials  c.1SchoolSerials PP0000112011C1SerialsCagayan State University - Carig LibraryFor room use onlyPP 000011 2012 c.1

Cagayan State University University Library, Carig Campus
Tuguegarao City, Cagayan 3500 | www.csucarig.edu.ph

Powered by Koha